Bizarre Animals by Picture - Statistics

General Stats
  • This quiz has been taken 20 times
  • The average score is 5 of 16
Answer Stats
Picture Answer % Correct
Manatee
87%
Capybara
80%
Tasmanian devil
80%
Cassowary
53%
Okapi
40%
Shoebill
40%
Basking shark
27%
Muscovy
20%
Tarsier
20%
Kakapo
13%
Maned wolf
13%
Aardwolf
7%
frigatebird
7%
Hoatzin
7%
Rock agama
7%
Gerenuk
0%
No matching quizzes found
Score Distribution
Percent of People with Each Score
Percentile by Number Answered
Your Score History
You have not taken this quiz